Derecho de minería: compendio de formularios. Código de Minería. Reglamento del Código de Minería. Ley orgánica constitucional sobre concesiones mineras

Zapisane w:
Opis bibliograficzny
1. autor: Pezoa Huerta, Renato Darío (Autor)
Format: Książka
Język:hiszpański
Wydane: Santiago El Jurista 2017
Wydanie:1a. ed
Hasła przedmiotowe:
Etykiety: Dodaj etykietę
Nie ma etykietki, Dołącz pierwszą etykiete!

MARC

LEADER 00000cam a2200000 a 4500
001 UCC1909
003 CL-VaPUC
008 171208e20170000cl |||||||||||||||||spa|d
020 |a 9789568839710 
082 0 4 |a 343.83077  |b PEZ  |2 21 
100 0 |a Pezoa Huerta, Renato Darío  |e author  |9 596008 
245 1 0 |a Derecho de minería: compendio de formularios. Código de Minería. Reglamento del Código de Minería. Ley orgánica constitucional sobre concesiones mineras 
250 |a 1a. ed 
300 |a 293 p 
942 |c BK 
945 |d 20171208 18:54:00  |a dcastane 
260 |a Santiago  |b El Jurista  |c 2017 
650 0 |a Derecho de minería  |9 344919 
650 0 |a Concesiones mineras  |9 256334 
583 |a last modification  |c 20171208 18:54:00  |k Rodrigo Vera 
999 |c 370243  |d 370241 
952 |0 0  |1 0  |3 erb  |4 0  |6 343_830770000000000_PEZ_2017  |7 0  |8 A  |9 486596  |a BIBDER  |b BIBDER  |i 5440971  |l 2  |o 343.83077 PEZ 2017  |p 5440971  |r 2024-11-07  |s 2024-11-07  |w 2019-11-24  |y BK  |z Catalogado en:20171208  |k DER